Catálogo
 En Linea

Guadalajara ganadera : (Registro nro. 5240)

Detalles MARC
000 -CABECERA
campo de control de longitud fija 00648nam a2200193 a 4500
001 - NÚMERO DE CONTROL
campo de control 000005440
005 - FECHA Y HORA DE LA ÚLTIMA TRANSACCIÓN
campo de control 20200929151659.0
008 - DATOS DE LONGITUD FIJA--INFORMACIÓN GENERAL
campo de control de longitud fija 090819s1977 sp a 001 0 spa d
020 ## - NÚMERO INTERNACIONAL ESTÁNDAR DEL LIBRO
Número Internacional Estándar del Libro 8400036956
040 ## - FUENTE DE LA CATALOGACIÓN
Centro catalogador/agencia de origen DO-SdBNP
082 ## - NÚMERO DE LA CLASIFICACIÓN DECIMAL DEWEY
Número de clasificación xxx
Número de documento/Ítem S488g
049 ## - FONDOS LOCALES (OCLC)
Fondos de biblioteca BNPD
100 1# - ENTRADA PRINCIPAL--NOMBRE DE PERSONA
Nombre de persona Serrera Contreras, Ramón
9 (RLIN) 15454
245 10 - MENCIÓN DE TÍTULO
Título Guadalajara ganadera :
Resto del título estudio regional novohispano 1760 - 1805 /
Mención de responsabilidad, etc. Ramón Serrera Contreras.
260 ## - PUBLICACIÓN, DISTRIBUCIÓN, ETC.
Lugar de publicación, distribución, etc. Sevilla :
Nombre del editor, distribuidor, etc. Escuela de Estudios Hispano-Americanos de Sevilla,
Fecha de publicación, distribución, etc. 1977.
300 ## - DESCRIPCIÓN FÍSICA
Extensión 477 p. :
Otras características físicas il ;
Dimensiones 25 cm.
500 ## - NOTA GENERAL
Nota general Incluye tabla de contenido
700 1# - PUNTO DE ACCESO ADICIONAL--NOMBRE DE PERSONA
Nombre de persona Calderón Quijano, José Antonio,
Término indicativo de función/relación pról.
9 (RLIN) 15455
Existencias
Estado de retiro Estado de pérdida Restricciones de uso No para préstamo Código de colección Localización permanente Ubicación/localización actual Ubicación en estantería Fecha de adquisición Número de inventario Total de préstamos Signatura topográfica completa Código de barras Fecha visto por última vez Precio válido a partir de Tipo de ítem Koha
      Excluido de préstamo Monografías: Libros y Folletos General General En catalogación 19.08.2009 LF1   xxx S488g 5440-10 25.06.2020 25.06.2020 No se presta

Con tecnología Koha